000 00387nam a2200145 i 4500
001 60585
003 ES-MaACL
007 t|
008 031105s1929 sp ||||1| spa d
100 1 _aEspinosa, Agustín.
_947872
245 1 0 _aLancelot 28º-7º /
_cAgustín Espinosa.
260 _aMadrid :
_b[s.n.],
_c1929 (
_fJuan Pérez)
300 _a127 p. ;
_c19 cm.
852 _aES-MaACL
_jB-3660
999 _c60585
_d60585